00560nam a22001817a 450000500170000000600190001700700030003600800410003901000220008002000200010203500130012203700130013508200080014824501030015626000300025927000560028930000330034520181217145953.0a|||||f|||| 00| 0 tc180713b xxu|||||f|||| 00| 0 eng d aB-089997-B-090008 c206.00(per set) aB-089997 bA.I.C.B. a480 aDeveloping Language Skillsb:oral communication, reading comprehension, writing skillsand workbook aNew DelhibA.I.C.B.cN.D. aSector-5, Rohini, bNew Delhie110085k011-27054082 a3V., various pagesc30cm(HB)